| 000 | 04959cam a22014054i 4500 | ||
|---|---|---|---|
| 003 | PE-LiUPU | ||
| 005 | 20250813185314.0 | ||
| 008 | 140424s2014 ck a rb 000 0 spa d | ||
| 020 | _a958762193X | ||
| 035 | _a(Sirsi) i9789587621938 | ||
| 040 |
_aPE-LiUPU _bspa _cPE-LiUPU _erda |
||
| 049 | _aPRUA | ||
| 082 | 0 | 4 |
_a370.15 _bI2 _223 |
| 100 | 1 |
_aMonereo i Font, Carles, _eautor. |
|
| 245 | 0 | 3 |
_aLa identidad en psicología de la educación : _bnecesidad, utilidad y límites / _cCarles Monereo i Font, Juan Ignacio Pozo, editores. |
| 250 | _aPrimera edición. | ||
| 264 | 1 |
_aBogotá : _bEdiciones de la U, _c2014. |
|
| 300 |
_a251 páginas : _bilustraciones ; _c24 centímetros. |
||
| 336 |
_atext _2rdacontent |
||
| 337 |
_aunmediated _2rdamedia |
||
| 338 |
_avolume _2rdacarrier |
||
| 490 | 0 | _aEducación | |
| 504 | _aBibliografía al final de los capítulos. | ||
| 505 | 0 | _aLa identidad en psicología de la educación -- Perspectivas teóricas sobre las relaciones entre identidad, aprendizaje y enseñanza -- La identidad en tiempos de cambio: una aproximación sociocultural -- La construcción de la identidad. | |
| 526 | _aP202 | ||
| 526 | _aP201 | ||
| 526 | _aP163 | ||
| 526 | _aP162 | ||
| 526 | _aP161 | ||
| 526 | _aP160 | ||
| 526 | _aP148 | ||
| 526 | _aP147 | ||
| 526 | _aP146 | ||
| 526 | _aP145 | ||
| 526 | _aP144 | ||
| 526 | _aP143 | ||
| 526 | _aP142 | ||
| 526 | _aP141 | ||
| 526 | _aP140 | ||
| 526 | _aP139 | ||
| 526 | _aP138 | ||
| 526 | _aP137 | ||
| 526 | _aP136 | ||
| 526 | _aP135 | ||
| 526 | _aP134 | ||
| 526 | _aP133 | ||
| 526 | _aP129 | ||
| 526 | _aP128 | ||
| 526 | _aP127 | ||
| 526 | _aP120 | ||
| 526 | _aP119 | ||
| 526 | _aP118 | ||
| 526 | _aP116 | ||
| 526 | _aP115 | ||
| 526 | _aP114 | ||
| 526 | _aP110 | ||
| 526 | _aP109 | ||
| 526 | _aP108 | ||
| 526 | _aP104 | ||
| 526 | _aP103 | ||
| 526 | _aP102 | ||
| 526 | _aP99 | ||
| 526 | _aP98 | ||
| 526 | _aP97 | ||
| 526 | _aP96 | ||
| 526 | _aP95 | ||
| 526 | _aP93 | ||
| 526 | _aP90 | ||
| 526 | _aP89 | ||
| 526 | _aP88 | ||
| 526 | _aP83 | ||
| 526 | _aP82 | ||
| 526 | _aP62 | ||
| 526 | _aP59 | ||
| 526 | _aP58 | ||
| 526 | _aP57 | ||
| 526 | _aP51 | ||
| 526 | _aP49 | ||
| 526 | _aP48 | ||
| 526 | _aP47 | ||
| 526 | _aP29 | ||
| 526 | _aP24 | ||
| 526 | _aP20 | ||
| 526 | _aP19 | ||
| 526 | _aP17 | ||
| 526 | _aP15 | ||
| 526 | _aP14 | ||
| 526 | _aP12 | ||
| 526 | _aP10 | ||
| 526 | _aP09 | ||
| 526 | _aP08 | ||
| 526 | _aP07 | ||
| 526 | _aP06 | ||
| 526 | _aP05 | ||
| 526 | _aP04 | ||
| 526 | _aP01 | ||
| 541 | _g001-000126; | ||
| 541 | _gF002-00000786; | ||
| 650 | 1 | 4 |
_aPsicopedagogía. _91885 |
| 650 | 2 | 4 | _aIdentidad. |
| 700 | 1 |
_aMonereo, Carles, _eeditor. |
|
| 700 | 1 |
_aPozo, Juan Ignacio, _eeditor. |
|
| 910 | _ajck | ||
| 910 |
_adbm _bjpc _cjpc _d20190311 |
||
| 942 |
_2ddc _cBOOK |
||
| 949 |
_a370.15 I2 _wDEWEY _c1 _i70549 _d2016-9-19 _e2016-9-19 _lCCODEBUL1 _mBUL _n1 _p50.00 _r0 _sY _tBOOK _u2015-7-6 _xSALUD _PP33 _0COMPRA _o.STAFF. Colección General |
||
| 949 |
_a370.15 I2 _wDEWEY _c2 _i70550 _lCCODEBUL1 _mBUL _p50.00 _r0 _sY _tBOOK _u2015-7-6 _xEDUCACION _PP33 _0COMPRA _o.STAFF. Colección General |
||
| 949 |
_a370.15 I2 _wDEWEY _c3 _i70565 _lCCODEBUL1 _mBUL _p50.00 _r0 _sY _tBOOK _u2015-7-6 _xEDUCACION _PP33 _0COMPRA _o.STAFF. Colección General |
||
| 949 |
_a370.15 I2 _wDEWEY _c4 _i73883 _d2016-8-23 _e2016-8-21 _lCCODEBUL1 _mBUL _n1 _p24.36 _r0 _sY _tBOOK _u2016-7-18 _xEDUCACION _PP20 _0COMPRA _o.STAFF. Colección General |
||
| 949 |
_a370.7 M77 2014 _wDEWEY _c1 _iFJ04866 _lCCODEBUJ1 _mBUJ _p50.00 _r0 _sY _tBOOK _u2015-10-13 _xSALUD _PP33 _0COMPRA _o.STAFF. Colección General |
||
| 994 |
_aC0 _bPEPRU |
||
| 596 | _a1 3 | ||
| 999 |
_a370.15 I2 _wDEWEY _c6415 _i70549 _d6415 _e2016-9-19 _f2021-11-8 _g5 _lCCODEBUL1 _mBUL _n1 _p50.00 _r0 _sY _tBOOK _u2015-7-6 _xEDUCACION _PP33 _0COMPRA _o.STAFF. Colección Ciencias de la Salud |
||
| 999 |
_a370.15 I2 _wDEWEY _c2 _i70550 _f2021-11-8 _g5 _lCCODEBUL1 _mBUL _p50.00 _r0 _sY _tBOOK _u2015-7-6 _xEDUCACION _PP33 _0COMPRA _o.STAFF. Colección General |
||
| 999 |
_a370.15 I2 _wDEWEY _c3 _i70565 _f2021-11-8 _g5 _lCCODEBUL1 _mBUL _p50.00 _r0 _sY _tBOOK _u2015-7-6 _xEDUCACION _PP33 _0COMPRA _o.STAFF. Colección General |
||
| 999 |
_a370.15 I2 _wDEWEY _c4 _i73883 _d2016-8-23 _e2016-8-21 _f2021-11-8 _g5 _lCCODEBUL1 _mBUL _n1 _p24.36 _r0 _sY _tBOOK _u2016-7-18 _xEDUCACION _PP20 _0COMPRA _o.STAFF. Colección General |
||
| 999 |
_a370.15 I2 _wDEWEY _c5 _i79900 _f2021-11-8 _g3 _lCCODEBUL1 _mBUL _p18.00 _r0 _sY _tBOOK _u2019-3-11 _xEDUCACION _PP33 _0COMPRA _1FCOMPR2 _o.STAFF. Colección Ciencias de la Salud |
||
| 999 |
_a370.7 M77 2014 _wDEWEY _c1 _iFJ04866 _f2022-1-18 _g3 _lCCODEBUJ1 _mBUJ _p50.00 _r0 _sY _tBOOK _u2015-10-13 _xSALUD _PP33 _0COMPRA _o.STAFF. Colección General |
||
| 980 |
_81 _gALBERTO SANCHEZ Responsable de Automatización |
||